| 000 | 00528nam a2200121Ia 4500 | ||
|---|---|---|---|
| 008 | 171212s9999 xx 000 0 und d | ||
| 020 | _a9780833046109 | ||
| 100 | _aStecher, Brian M.;Epstein, Scott;Hamilton, Laura S.;Marsh, Julie A.;Robyn, Abby | ||
| 245 |
_cStecher, Brian M.;Epstein, Scott;Hamilton, Laura S.;Marsh, Julie A.;Robyn, Abby _aPain and Gain _bImplementing No Child Left Behind in Three States, 2004-2006 |
||
| 260 |
_bRAND Corporation _c2008 |
||
| 650 | _aEducation | ||
| 856 | _uwww.jstor.org/stable/10.7249/mg784nsf | ||
| 999 |
_c352394 _d352394 |
||